[Event "1st FIDE World Cup final"]
[Site "Shenyang"]
[Date "2000.09.07"]
[Round "1.2"]
[White "Azmaiparashvili, Zurab"]
[Black "Bareev, Evgeny"]
[Result "0-1"]
[WhiteElo "2673"]
[BlackElo "2702"]
[EventDate "2000.09.07"]
[Annotator "Gershon"]
[PlyCount "142"]

{This was the second of the two games in the quaterfinals of the World 
Cup. After having won the first one with black Azmaiparashvili only needed
a draw to qualify...} 
1.d4 Nf6 2.Nf3 c5 3.c3 {This move clearly shows white's intentions to play
as safely as possible. However, thisa game provides yet another example of
how dangerous this kind of strategy can be.} 3...e6 4.g3 d5 5.Bg2 Nc6 6.
O-O Be7 7.Bg5 ( 7.h3 O-O 8.Be3 b6 9.Nbd2 Bb7 10.Nb3 cxd4 11.Nbxd4 Na5 12.
Nd2 Rc8 13.N4b3 Nc6 14.a4 h6 15.Nf3 e5 $15 {0-1 Jessen, 
S-Antonsen,M/Copenhagen DEN 2000/The Week in Chess 298 (23)} ) ( 7.b3 O-O 
8.Bb2 b6 9.c4 Bb7 10.e3 cxd4 11.exd4 Rc8 12.Nbd2 Ba6 13.Bc3 Nb8 $1 14.Ne5 
Nfd7 15.Nxd7 Qxd7 $17 {1-0 Kommer,B-Van Dijk,T/Hengelo 1999/CBM 71 ext 
(36)} ) ( 7.a3 $6 O-O ( 7...a5 8.a4 O-O 9.Na3 b6 10.Nb5 Bb7 11.Bf4 Rc8 12.
Ne5 Nxe5 13.Bxe5 Qd7 14.dxc5 bxc5 15.e4 Rfd8 16.exd5 exd5 17.Re1 Bc6 18.
Qe2 Re8 19.Qf1 $11 {0-1 Barczay,L-Lugovoi,A/Budapest 1997/CBM 62 ext (41)}
) 8.dxc5 Bxc5 9.b4 Bb6 10.Bb2 e5 $1 $15 {0-1 
Kurajica,B-Kortschnoj,V/Sarajevo 1998/CBM 66/ [Kortschnoj] (40) Lukacs: 
Black grabs immediately the |^ in the [+].} ) 7...cxd4 8.cxd4 ( 8.Nxd4 
$142 {Would have led to a more spicy position which, of course, wasn't 
fitting white's plans} ) 8...Qb6 9.b3 Bd7 {ubelievably but white is now 
facing serious development problems.} 10.Nc3 Ne4 $1 11.Na4 $8 ( 11.Nxe4 
dxe4 12.Bxe7 exf3 13.Bc5 fxg2 14.Bxb6 gxf1=Q+ 15.Qxf1 axb6 $17 ) 11...Qa5 
12.Bxe7 Kxe7 13.a3 $2 {Black's Q and N on e4 are putting a very unpleasant
pressure on white's position cutting the 'a4' N off the game. Therefore 
white should aim for changing the pieces reducing black's pressure.} ( 13.
Qe1 $142 Qxe1 14.Rfxe1 Rac8 15.Rec1 $11 {[%cal Gc1c2,Yf3e1,Ye1d3]} ) 13...
b6 {Now it's already difficult to advise anything for black, since white 
has too many weaknesses} 14.Qd3 ( 14.Qe1 Qxe1 15.Rfxe1 Na5 16.Rab1 ( 16.b4
Nc4 $17 ) 16...Rac8 {/\ Ba4 and Nc4} ( 16...Nxb3 17.Nxb6 axb6 18.Rxb3 $11 
) ) ( 14.b4 Qa6 {[%cal Ye4d6,Yd6c4]} 15.Rc1 Rac8 $17 ) 14...Rac8 15.Rfc1 
Nb8 $1 {[%csl Rc3][%cal Gd7a4,Yd7b5] White must play very carefully now to
prevent his pisition from becoming critical} 16.Ne5 ( 16.Nb2 Bb5 17.Qe3 ( 
17.Nc4 Qa6 18.a4 Bxc4 19.bxc4 Rxc4 20.Qa3+ Nd6 21.Ne5 Rxc1+ 22.Rxc1 Rc8 $8
23.Rxc8 Qxc8 24.Nxf7 Kxf7 25.Qxd6 $11 ) 17...Rc3 18.Rxc3 Qxc3 19.Qxc3 Nxc3
20.e3 Ne2+ 21.Kh1 Rc8 $17 ) 16...Rxc1+ 17.Rxc1 Rc8 $1 {Taking over the 'c'
file} 18.Rd1 ( {of course not} 18.Rxc8 {due to} 18...Qe1+ 19.Bf1 Qxf2+ 20.
Kh1 Qxf1# ) ( 18.Qd1 Rxc1 19.Qxc1 Qd2 $1 {[%csl Rb3] Probably the move 
white missed playing 16.Ne5} ( 19...Bxa4 20.Bxe4 $1 $16 {[%cal Gc1c7]} ) 
20.Qxd2 Nxd2 21.Nxd7 Nxd7 22.b4 Nc4 $19 ) 18...Bxa4 19.Bxe4 {Deciding to 
sac a piece, however, other possibilities were no better} ( 19.bxa4 Qxa4 {
A posiiton in which the win for a player of Bareev's class is not 
questionable.} ) 19...dxe4 20.Qxe4 Bc6 21.Qxh7 Qd5 22.Nxc6+ ( 22.f3 Qxb3 
$19 {[%cal Gb3e3]} ) 22...Nxc6 23.Qxg7 Rd8 {although white has 3 P's for a
N his position is virtually hopeless: he simply has too many weaknesses.} 
24.e3 Qxb3 25.Rc1 Qb2 $1 26.Rc4 ( 26.Rxc6 Qb1+ 27.Kg2 Qe4+ $19 ) 26...Qb1+
27.Kg2 Qe4+ 28.f3 Qd5 {with his last 5 moves Bareev has considerably 
weakenned white's king.} 29.Rc2 Rd6 {[%cal Gd5b3]} 30.h4 Qb3 31.Qg5+ Kd7 
32.Rf2 Qd5 ( 32...Qxa3 33.h5 ( 33.Qg8 Qxe3 34.Qxf7+ Ne7 $19 ) 33...Rd5 34.
Qg8 Nd8 35.h6 Rh5 36.h7 Qc1 $1 {also wins... but obviously black didn't 
want to take even the slightest risk here} 37.Rf1 Qc2+ 38.Rf2 Qxh7 $19 ) 
33.Qg8 e5 34.e4 Ne7 ( 34...Qxd4 35.Qxf7+ Ne7 ) 35.Qg4+ ( 35.Qb8 Qxd4 36.
Qxa7+ Ke6 $19 ) 35...Qe6 36.Qxe6+ Kxe6 37.d5+ Kd7 {after the Q's have been
exchanged white simply resign. Black's game is way too easy: push the Q 
side pawns- it won't be difficult - he has one pieces more in the game.} 
38.h5 b5 39.g4 a5 40.Rb2 Rb6 41.Kf2 Nc8 42.Ke2 Nd6 43.Rc2 f6 {The last 
percise move of the game: stopping white's pawns.} 44.Kd3 ( 44.h6 Rb8 45.
Kd3 Rh8 46.Rh2 Rh7 $19 {[%cal Gd6f7]} ) 44...Rb8 45.Rc6 b4 46.axb4 axb4 
47.Kc2 b3+ 48.Kb2 Rb4 49.Rc1 Nc4+ 50.Kc3 Rb8 51.Rb1 ( 51.Kxc4 Rc8+ ) 51...
Rc8 52.Kd3 b2 53.h6 Kd6 54.h7 Kc5 55.d6 Rh8 56.d7 Kb4 57.f4 {Exploiting 
his last chance} 57...exf4 58.e5 Nxe5+ 59.Ke4 Ka3 60.g5 f3 61.Kf5 Ka2 ( {
of course not:} 61...Nxd7 $4 62.g6 Ka2 63.Rh1 b1=Q+ 64.Rxb1 Kxb1 65.g7 f2 
66.gxh8=Q f1=Q+ 67.Ke6 $13 ) 62.g6 Nxg6 63.Kxg6 Kxb1 64.Kg7 Rxh7+ 65.Kxh7 
Kc1 66.d8=Q b1=Q+ 67.Kh6 Qf5 68.Qc7+ Kd1 69.Qd6+ Ke2 70.Qe7+ Qe5 71.Qb7 f2
{A very impressive performance by Bareev.} 0-1

[Event "1st FIDE World Cup final"]
[Site "Shenyang"]
[Date "2000.09.07"]
[Round "1.1"]
[White "Ivanchuk, Vasyl"]
[Black "Anand, Viswanathan"]
[Result "0-1"]
[WhiteElo "2719"]
[BlackElo "2762"]
[EventDate "2000.09.07"]
[Annotator "Anand/Ftacnik"]
[PlyCount "78"]

1.e4 c5 {Vassily had beaten my Caro-Kann in Monaco, so I felt like trying 
something else. Besides, this game was played after a rest day, so I had 
time to brush up my Sicilian.} 2.Nf3 d6 3.d4 cxd4 4.Nxd4 Nf6 5.Nc3 a6 6.
Be2 e6 7.O-O Be7 8.f4 O-O 9.Kh1 {Vassily is ready to repeat his game 
against Van Wely.} 9...Qc7 {I preferred to go for the main line.} ( 9...
Nc6 10.Nxc6 bxc6 11.e5 dxe5 12.fxe5 Nd7 13.Bf4 Bg5 {Ivanchuk-Van Wely/ 
Polanica Zdroj 2000} ) 10.a4 Nc6 11.Be3 Re8 12.Bf3 Rb8 13.Qd2 Bd7 14.Nb3 
b6 15.Rae1 {A good idea. White tries to break through with e5. I tried 
something similar against Topalov (Linares 2000) , but only after Bf2 and 
Bg3.} ( 15.g4 {Ftacnik} ) 15...Bc8 {Black needs Nd7 on his next move.} 16.
e5 $5 {Ftacnik: Ivanchuk decides to open the files for his well prepared 
pieces, but the pawn on e5 will need lots of support.} 16...dxe5 ( 16...
Nd7 {Doesn't look very attractive} 17.exd6 {Ftacnik} 17...Bxd6 18.Bxc6 
Qxc6 19.Nd4 Qb7 20.Nf5 exf5 21.Qxd6 Nf6 ) 17.Bxc6 ( 17.fxe5 {Ftacnik} 
17...Nxe5 18.Bf4 Nxf3 $5 ( 18...Nfd7 19.Qe2 $36 ) 19.Rxf3 Qa7 20.Bxb8 Qxb8
$44 ) 17...Qxc6 18.fxe5 Nd5 $1 ( 18...Nd7 {We both thought that White 
would get a big initiative here.} 19.Qf2 ( 19.Bg5 Bb7 20.Bxe7 Rxe7 21.Re2 
$11 ) 19...Rf8 20.Qg3 Kh8 21.Nd4 ( 21.Bg5 ) 21...Qc7 22.Ne4 $1 ( 22.Bg5 {
Ftacnik} 22...Bb4 $13 ) 22...Nc5 ( 22...Nxe5 23.Bf4 f6 24.Nxf6 $1 gxf6 25.
Rxe5 Qc4 26.Rd1 $14 ) ( 22...Bb7 23.Nd6 $36 ) 23.Nd6 $36 ) ( 18...Ng4 {
Ftacnik} 19.Bg5 Bb7 20.Bxe7 Rxe7 21.Nd4 Qc7 22.Qf4 Nh6 23.Rd1 $13 ) 19.Qf2
Rf8 ( 19...Nxe3 $2 {Ftacnik} 20.Qxf7+ Kh8 21.Rxe3 Bb7 22.Rg3 $18 ) ( 19...
f5 {Ftacnik} 20.Nxd5 Qxd5 21.Bxb6 Bb7 $13 ) 20.Nxd5 ( 20.Nd4 $5 {Ftacnik} 
20...Qc7 ( 20...Qc4 21.Nxd5 Qxd5 22.b3 Bb7 23.Nf3 b5 $13 ) 21.Nxd5 exd5 
22.Qg3 Kh8 $13 ) 20...Qxd5 {I thought that 20...Qxd5 gave me excellent 
compensation.} ( 20...exd5 {During the game, neither of us took this very 
seriously.} 21.Nd4 Qxa4 ( 21...Qg6 {This gives White a pleasant edge at no
cost.} ) 22.Qg3 Kh8 23.Rxf7 $1 ( 23.b3 Qe8 24.e6 Bxe6 ) 23...Rxf7 24.e6 
Rf8 25.Qxb8 {The pawn on e6 is a thorn in Black's side.} 25...Qb4 $15 ) 
21.Bxb6 ( 21.Rd1 {Ftacnik} 21...Qc6 22.Rd4 Bb7 23.Rf4 f5 $15 ) 21...Bb7 
22.Bc5 ( 22.Rg1 $5 {This move escaped our attention and now Black must 
look for ~/=. 22...f6 looks like a good place to start.} 22...f6 23.Qg3 
Rbc8 {Probably Black is active enough here} ) ( 22.Bc7 {Ftacnik} 22...Rbc8
23.Bd6 Bxd6 24.exd6 Qxd6 $15 ) 22...Bh4 $1 23.Qe2 $2 {Ftacnik: Serious 
step in the wrong direction, white missed the importance of the defense 
both of g2 and c5 square.} ( 23.Qg1 $1 {Vassily found this move on the bus
back to the hotel.} 23...Bxe1 ( 23...Rfd8 {Ftacnik} 24.Bf2 Be7 25.Bg3 $16 
) 24.Bxf8 Rc8 $1 25.Bc5 Bh4 $1 {Now that White can't place his bishop on 
d6, Black has enough compensation.} 26.Rf4 $14 ) 23...Rfc8 $1 {This move 
he did not see and now White must defend a worse ending. He had used quite
a lot of time to get here and now was in time-pressure.} ( 23...Bxe1 {
Ftacnik} 24.Bxf8 Bh4 25.Ba3 $14 ) 24.Rd1 ( 24.Bd6 Qxg2+ $1 {The point.} 
25.Qxg2 Bxg2+ 26.Kxg2 Rxc2+ 27.Kh3 Rxb3+ 28.Kxh4 Rc4+ {And mate follows.} 
29.Kg5 h6+ 30.Kh5 Rh3# ) 24...Qe4 25.Qxe4 ( 25.Rd2 {Ftacnik} 25...Qxe2 26.
Rxe2 Bd5 27.Bd6 Bc4 $1 28.Re4 ( 28.Bxb8 Bxe2 29.Rf4 Rxc2 30.Rxh4 Rxb2 31.
Nc1 Rb1 $17 ) 28...Bxf1 29.Bxb8 Bf2 30.Nd2 Bd3 31.Rf4 Be3 32.Rf3 Rxc2 $17 
) 25...Bxe4 26.Bd6 Bxc2 ( 26...Rxc2 {Unfortunately, the fancy stuff 
doesn't work.} 27.Bxb8 ( 27.Nd2 $5 {I wasn't sure about this either.} 
27...Rbxb2 ( 27...Bxg2+ 28.Kxg2 Rbxb2 29.Kh3 ) 28.Nxe4 Rxg2 29.Rf3 Rxh2+ 
30.Kg1 Rbg2+ 31.Kf1 Ra2 32.Bc5 $1 Rxa4 $15 ) 27...Rxg2 28.Nc5 Ba8 29.Rd7 
$1 $11 ) 27.Bxb8 ( 27.Rd4 {Ftacnik} 27...Rxb3 28.Rxh4 Rxb2 $17 ) 27...Bxd1
28.Rxd1 ( 28.Nd4 $2 {Ftacnik} 28...Bxa4 $19 ) 28...Rxb8 {An unpleasant 
ending, but far from lost. However, Vassily didn't have much time left.} 
29.Na5 $2 {Ftacnik: Tarrasch was always warning before the knight moves to
the edge of the board, but here the flaw of this jump lays mainly in the 
fact, that black will be able to save the a pawn or get decisive 
advantage.} ( 29.Nc5 $1 $15 Rxb2 30.Nxa6 Kf8 ( 30...Ra2 {Ftacnik} 31.g3 
Be7 32.Rd7 Bf8 33.Rd4 Re2 34.Rd8 $11 ) 31.g3 Be7 32.Rd4 h6 ) 29...Rxb2 30.
g3 Be7 31.Nc6 ( 31.Rd7 {Ftacnik} 31...Bf8 32.Nc6 Rb6 33.Nd8 Rb4 $17 ) 
31...Bf8 $17 32.Rd8 g5 {After g4, White has to worry about mate!} 33.h4 ( 
33.Ra8 $1 g4 ( 33...Rb6 34.Nb8 ) 34.Rxa6 Bc5 35.h4 gxh3 36.a5 $17 {<=>} ) 
( 33.Nb8 {Ftacnik} 33...Kg7 34.Nxa6 Re2 35.Nc7 Rxe5 $17 ) 33...gxh4 34.
gxh4 Rc2 $1 35.Nb8 Kg7 36.Rd4 ( 36.Nxa6 Rc4 $19 37.a5 Rxh4+ 38.Kg2 Ra4 $19
) 36...a5 37.Nd7 ( 37.Rg4+ Kh6 38.Nd7 ( 38.Rf4 {Ftacnik} 38...Bg7 39.Nd7 
Re2 40.Rxf7 Bxe5 41.Nxe5 Rxe5 $17 ) 38...Be7 39.Rf4 Rc7 ) 37...h5 $1 ( 
37...Be7 38.Rg4+ Kh6 39.Rf4 Rc7 {also wins.} ) 38.Nxf8 {This loses another
pawn, but it's a matter of time anyway.} 38...Kxf8 39.Rd8+ Kg7 ( 39...Kg7 
40.Ra8 Rc5 $19 ) 0-1

[Event "1st FIDE World Cup final"]
[Site "Shenyang"]
[Date "2000.09.07"]
[Round "1.1"]
[White "Gelfand, Boris"]
[Black "Ye Jiangchuan"]
[Result "1-0"]
[WhiteElo "2681"]
[BlackElo "2670"]
[EventDate "2000.09.07"]
[Annotator "Gelfand,B"]
[PlyCount "121"]

1.d4 Nf6 2.c4 g6 3.Nc3 Bg7 4.e4 d6 5.Be2 O-O 6.Nf3 e5 7.O-O Nc6 8.d5 Ne7 
9.Nd2 a5 10.a3 Nd7 11.Rb1 f5 12.b4 Kh8 13.Qc2 Nf6 14.Bb2 axb4 ( 14...c6 
15.Rbd1 fxe4 ( 15...axb4 16.axb4 g5 17.c5 cxd5 18.cxd6 Qxd6 19.Nc4 Qxb4 
20.exd5 Ng6 21.Ra1 Bd7 22.Ba3 Rxa3 23.Rxa3 Nf4 24.Rb1 Qc5 25.Ra5 b5 26.
Nxb5 N6xd5 $143 $44 {0-1 Ulibin,M-Smirnov,P/Samara RUS 2000 (54)} ) 16.
Ndxe4 Nxe4 17.Nxe4 cxd5 18.cxd5 axb4 19.axb4 Bf5 20.Bf3 Qb6 $132 {
,Gelfand,B-Ye Jiangchuan/Shenyang CHN 2000,tie-break} ) 15.axb4 fxe4 ( 
15...c6 16.Rbd1 $5 cxd5 17.exd5 Bd7 18.Ndb1 $1 f4 19.Na3 Bf5 20.Qb3 g5 21.
c5 Ng6 22.Nc4 dxc5 23.bxc5 $16 {1/2-1/2 Portisch,L-Xie Jun/Marbella 1999 
(46)} ) 16.Ncxe4 Nxe4 ( 16...c6 $132 {A.Huzman} ) 17.Nxe4 Nf5 18.Ra1 Rxa1 
( 18...Bd7 19.Rxa8 Qxa8 20.c5 $14 ) 19.Rxa1 Nd4 20.Bxd4 exd4 21.Ra8 $1 ( 
21.Ra7 Bf5 $1 22.Bd3 Re8 23.f3 Qb8 ( 23...Bh6 24.Rxb7 Be3+ 25.Kh1 ) 24.Qa4
Rf8 $132 {/\Bh6-e3} ) 21...Qe7 22.Bd3 Bf5 23.Rxf8+ Bxf8 24.g3 Bxe4 ( 24...
Bh6 25.h4 Bxe4 ( 25...Kg8 26.f4 Bxe4 27.Bxe4 ) 26.Bxe4 Bd2 $5 27.b5 $14 ) 
25.Bxe4 b6 $6 ( 25...g5 $5 ) 26.h4 Bg7 27.Kg2 Bf6 28.Qd3 Qe8 29.Qf3 Kg7 
30.Bd3 Qd7 ( 30...h5 $6 31.Kf1 {x g6} ) ( 30...Qa4 $6 31.h5 ) ( 30...h6 
31.Qg4 ( 31.h5 gxh5 32.Qf5 h4 33.Qh7+ Kf8 ) 31...g5 32.Qf5 $1 ( 32.h5 Qf7 
( 32...Bd8 33.Qf5 ) 33.Qf5 Kf8 34.Qc8+ Kg7 35.Bf5 Qe7 ) ( 32.f4 h5 ) 32...
gxh4 33.g4 $1 ( 33.Qh7+ Kf8 34.Qxc7 ( 34.Qxh6+ Ke7 35.g4 Qg8 36.Kh3 Bg5 ) 
34...Qd8 35.Qh7 hxg3 36.Qxh6+ Bg7 37.Qf4+ Qf6 38.Qxg3 Bh6 $11 ) 33...Qf7 
34.Qh7+ Kf8 35.Qxh6+ Qg7 36.Qxg7+ Kxg7 37.f4 $1 Kh6 38.Kf3 $18 ) 31.h5 $6 
( 31.Qe4 $5 Qe7 32.Qg4 {/\f2-f4,h4-h5} ) 31...Qf7 32.hxg6 hxg6 33.Qe4 Kh6 
34.Qg4 Qe8 ( 34...g5 $5 35.Kf1 Qh5 ( 35...Kg7 36.Ke2 ) 36.Qf5 Kg7 37.Ke1 )
35.c5 $5 ( 35.b5 Qf7 36.f4 Kg7 ( 36...Qe8 37.Qe6 Qxe6 38.dxe6 g5 39.Kf3 
gxf4 40.gxf4 ( 40.Kxf4 Kg7 41.g4 Kf8 42.g5 Be7 43.g6 Bf6 44.Ke4 Ke7 45.Kd5
) 40...Kg7 41.Ke4 Kf8 $11 ) 37.Kf3 Qe8 38.Qe6 Qf7 ) 35...bxc5 36.bxc5 Kg7 
37.c6 Qf7 38.Kf1 Qe8 39.Be4 {/\ Ke2-d3-c4} 39...d3 ( 39...Qf7 $14 ) 40.
Bxd3 Bc3 41.Kg2 Qf7 42.Be4 Bf6 43.Qc8 Bd4 44.f3 Bb6 45.f4 Bd4 46.Qg4 Bf6 
47.Kf3 Bd4 ( 47...g5 $5 48.Ke3 Kh6 $1 49.Kd3 gxf4 50.gxf4 ( 50.Qxf4+ Kg7 
51.Qf5 Be5 ) 50...Qh5 $14 ) 48.Ke2 Bb6 49.Qd7 ( 49.f5 Qf6 ) 49...Kf8 50.
Kf3 ( 50.Kd3 Qf6 ) 50...Kg7 ( 50...Bd4 $5 51.g4 Bb2 52.Bxg6 $1 ( 52.g5 Bc1
$1 ( 52...Kg7 $6 {-51...Bd4} ) 53.Qg4 Bd2 54.Qh4 Qg7 $16 ) 52...Qxg6 ( 
52...Qxd5+ 53.Kg3 Bf6 54.g5 Bxg5 55.fxg5 Qe5+ 56.Kf3 ) 53.Qd8+ Qe8 ( 53...
Kg7 54.Qxc7+ Kh6 55.g5+ Kh5 56.Qe7 Qd3+ 57.Qe3 Qxd5+ 58.Kg3 Qxc6 59.Qe2+ 
Kg6 60.Qxb2 $18 ) 54.Qxc7 Ba3 55.Qh7 $1 Qe1 56.Qf5+ ( 56.Qh6+ Ke7 57.Qe6+ 
Qxe6 58.dxe6 Kxe6 59.f5+ Ke7 60.f6+ Ke6 61.g5 Bb2 62.Kg4 d5 63.c7 Kd7 64.
Kf5 ) 56...Kg7 57.Qd7+ Kf8 58.c7 Qc3+ ( 58...Qf1+ 59.Kg3 Qe1+ 60.Kh2 Qf2+ 
61.Kh3 ) 59.Kg2 Qc2+ 60.Kg3 Qc3+ 61.Kh4 Qh8+ 62.Kg5 Qg8+ 63.Kh6 Qh8+ 64.
Qh7 Qf6+ 65.Kh5 $18 ) ( 50...Qf6 $1 51.Kg4 Kg8 $14 ) 51.g4 $1 $18 ( 51.Kg4
$6 Bd4 52.Qxf7+ Kxf7 53.Kg5 Bf6+ 54.Kh6 Bg7+ 55.Kh7 g5 $11 ) 51...g5 ( 
51...Bd4 52.g5 Kf8 ( 52...Bb2 53.Kg4 Bd4 ( 53...Bc1 54.Bxg6 Kxg6 55.f5+ 
Kg7 56.g6 ) 54.Qd8 $1 {S. Shipov} ( 54.f5 gxf5+ 55.Bxf5 Kf8 56.Be6 Qxd7 
57.cxd7 Ke7 58.Kf5 Be5 $14 ) 54...Bc3 55.f5 $1 gxf5+ 56.Bxf5 Be5 57.Qc8 $1
Bh2 ( 57...Bc3 58.Be6 ) 58.Qd7 Kf8 ( 58...Be5 59.Be6 $1 ) 59.Qd8+ Qe8 60.
Qf6+ Qf7 61.Qh8+ {Shipov,S} ) 53.Qc8+ Kg7 54.Qh3 Qg8 55.Ke2 $18 ) ( 51...
Kf8 52.g5 Kg7 53.Qh3 ) 52.Bf5 $1 Bd4 ( 52...gxf4 53.Be6 Qxd7 54.cxd7 c6 
55.dxc6 Kf6 56.Bb3 Ke5 57.Bc2 $18 ) 53.fxg5 Kf8 54.Ke4 ( 54.Ke2 Bb6 ( 
54...Qe7+ 55.Be6 ) 55.Kf1 $3 ( 55.g6 Qf6 ) 55...Ba5 ( 55...Qe7 56.Be6 ) 
56.Qd8+ Kg7 57.Kf2 $3 ( 57.Ke2 Bb6 ) 57...Bb6+ 58.Ke2 $22 Bd4 59.Kd3 Bb6 
60.Kc4 $18 ) 54...Bb2 ( 54...Bf2 $1 55.g6 $1 ( 55.Be6 Qg6+ 56.Kf4 ( 56.Kf3
Qd3+ 57.Kxf2 Qe3+ $11 ) ( 56.Bf5 $1 Qf7 ( 56...Qe8+ 57.Qe6 ) ) 56...Bg3+ 
$3 57.Kxg3 Qd3+ 58.Kh4 Qh3+ $3 ) 55...Qe8+ 56.Qe6 Qxe6+ 57.dxe6 Bh4 58.Kd5
Bf6 59.Kc4 Ke7 60.Kb5 d5 61.Ka6 d4 ( 61...Kd6 62.Kb7 Be5 63.Kc8 d4 64.Kd8 
Bf6+ 65.Ke8 d3 66.Kf7 d2 67.Bc2 ) 62.Kb7 Kd6 63.e7 $18 ) ( 54...Bb6 55.Be6
Qg6+ 56.Kf4 Be3+ 57.Kf3 $1 Bxg5 58.Qd8+ Qe8 59.Qxc7 $18 ) 55.g6 Qxd7 ( 
55...Qe7+ 56.Be6 Bf6 57.Kd3 Kg7 58.Kc4 Kxg6 59.Kb5 Qg7 ( 59...Qd8 60.Qxd8 
Bxd8 61.Ka6 ) ( 59...Qxd7 60.cxd7 Bd8 61.Kc6 ) 60.Ka6 Bc3 61.g5 $18 Kxg5 
62.Qxg7+ Bxg7 63.Kb7 ) 56.cxd7 Ke7 57.g5 Bg7 58.Kd3 Kd8 59.Kc4 Ke7 60.Kb5 
Kd8 61.Kc6 ( 61.Kc6 Bh8 62.Bc2 Bg7 63.Ba4 Bh8 64.Kb7 Bg7 65.Bc6 Bh8 66.Ka6
Bg7 67.Kb5 Bh8 68.Kc4 Ba1 69.Kd3 Bh8 70.Ke4 Bg7 71.Kf5 Ke7 72.d8=Q+ Kxd8 
73.Ke6 ) 1-0

[Event "1st FIDE World Cup final"]
[Site "Shenyang"]
[Date "2000.09.08"]
[Round "1.2"]
[White "Ye Jiangchuan"]
[Black "Gelfand, Boris"]
[Result "1-0"]
[WhiteElo "2670"]
[BlackElo "2681"]
[EventDate "2000.09.07"]
[Annotator "Gelfand,B"]
[PlyCount "79"]

1.e4 {Ftacnik.} 1...c5 2.Nf3 d6 3.d4 cxd4 4.Nxd4 Nf6 5.Nc3 a6 6.g3 e5 7.
Nde2 Be7 8.Bg2 b5 9.h3 Nbd7 10.g4 ( 10.a3 ) 10...b4 $1 {N} ( 10...O-O 11.
Ng3 b4 12.Nce2 a5 13.O-O Nb6 14.f4 Nc4 15.Nf5 g6 16.Nxe7+ Qxe7 17.b3 Qa7+ 
18.Kh2 Ne3 19.Bxe3 Qxe3 20.fxe5 Bxg4 21.exf6 Bxe2 22.Qe1 $16 {1-0 Kholmov,
R-Stodola,J/Policka 1995/EXT 99 (31)} ) 11.Nd5 Nxd5 12.exd5 ( 12.Qxd5 Rb8 
$11 ) 12...a5 13.Ng3 ( 13.a3 Ba6 14.Bd2 Bh4 $1 ) 13...Ba6 14.h4 {'!' 
Ftacnik.} 14...O-O 15.Be3 ( 15.Nf5 Re8 $15 ) 15...Qc7 16.Rc1 Nc5 17.b3 $6 
( 17.c4 $5 bxc3 18.Rxc3 Rab8 $13 ) 17...a4 18.Qd2 Rab8 19.h5 axb3 $2 {'?!'
Ftacnik.} ( 19...Bc8 $142 ) 20.axb3 Bc8 21.g5 ( 21.Bh3 Bd7 $15 ) ( 21.Qe2 
Ba6 22.Qf3 e4 ) 21...f5 {Ftacnik: 'Both kings now have to feel vulnerable,
black chances are not worse.'} 22.f4 Ba6 23.Bh3 exf4 ( 23...Rbe8 24.fxe5 
$140 ( 24.Kd1 ) 24...f4 $5 ( 24...dxe5 25.Nxf5 ( 25.Bxf5 e4 $13 ) 25...Ne4
26.Nxe7+ Qxe7 ( 26...Rxe7 27.Qxb4 ) 27.Qg2 $16 ) 25.Bxf4 dxe5 ( 25...Rxf4 
26.Qxf4 Bxg5 27.Qxg5 Rxe5+ 28.Qxe5 dxe5 29.Rd1 Qb6 ( 29...Nxb3 30.Be6+ Kh8
31.cxb3 Qc3+ 32.Kf2 Qc2+ 33.Kf3 Qxb3+ 34.Kg2 $18 ) 30.Ne2 Bxe2 ( 30...Ne4 
31.Rf1 Qd8 32.Be6+ Kh8 33.Rf3 $13 ) 31.Kxe2 Ne4 32.Be6+ Kh8 33.Kf3 Ng5+ 
34.Kg2 Qe3 $11 ) 26.Be3 Rf3 27.d6 Qc6 $1 ( 27...Qxd6 28.Nf5 Qxd2+ 29.Bxd2 
Ne4 30.Nxe7+ Rxe7 31.Ra1 $13 ) 28.Bg2 Bxd6 29.Bxf3 Qxf3 30.Qf2 Qg4 $40 ) 
24.Bxf4 Rbe8 25.Kd1 ( 25.Kf2 Bxg5 ( 25...Ne4+ 26.Nxe4 fxe4 27.Be6+ Kh8 28.
Kg3 Bc8 $13 ) 26.Bxg5 Re2+ ( 26...f4 27.Bxf4 Qf7 28.Kf3 ) 27.Nxe2 Ne4+ 28.
Kf3 Nxd2+ 29.Bxd2 Bxe2+ 30.Kxe2 Qc5 $13 ) 25...Bd8 ( 25...Bc8 $5 26.Qxb4 (
26.h6 gxh6 $1 ( 26...g6 27.Qxb4 Ne4 28.Nxe4 fxe4 29.Qd4 $18 ) 27.gxh6 ( 
27.g6 hxg6 28.Bxh6 Bf6 $1 29.Bxf8 Bc3 30.Qf4 ( 30.Qh6 Qf7 ) 30...Rxf8 31.
Ne2 Ne4 $17 ) 27...Bf6 28.Qxb4 Ne4 29.Nxe4 ( 29.c4 Nf2+ 30.Kc2 Qa7 ) 29...
Rxe4 30.Bxd6 ( 30.Qxd6 Rd4+ ) 30...Qf7 $19 ) 26...Ne4 27.Nxe4 fxe4 28.Be3 
Bxh3 29.Rxh3 Rf5 ( 29...Rf1+ 30.Kd2 Rf5 31.Qxe4 Re5 ) 30.Qxe4 Re5 $44 ) 
26.Ra1 ( 26.Bxf5 Bc8 ) 26...Bb7 27.h6 ( 27.Bxf5 Bc8 28.Bxc8 Qxc8 29.Rh4 
Ne4 $17 ) ( 27.Bg2 Ne4 ) 27...g6 ( 27...gxh6 $5 28.Nxf5 ( 28.Bxf5 Bc8 29.
Be6+ Bxe6 30.dxe6 Qb7 $17 ) 28...Ne4 29.Nxh6+ Kh8 30.Qd4+ Bf6 $3 31.gxf6 
Nc3+ 32.Kd2 Re4 $40 ) 28.Bg2 Ne4 29.Nxe4 fxe4 30.Ra7 ( 30.Be3 $5 Rf5 31.
Ra7 ( 31.Qxb4 Rxd5+ 32.Kc1 Bxg5 $19 ) 31...Rxd5 32.Qxd5+ Bxd5 33.Rxc7 Bxc7
34.Ke2 $44 ) ( 30.Re1 Rxf4 31.Qxf4 Qc3 ) 30...Qf7 $2 {Ftacnik: 'Black 
misses a great chance to stirr trouble for white with timely exchange 
sacrifice 30...Rxf4!?'} ( 30...Rxf4 $1 31.Qxf4 e3 $5 ( 31...Qc5 32.Rf1 
Qxd5+ 33.Qd2 Qxd2+ 34.Kxd2 Bxg5+ 35.Ke2 Re7 36.Bh3 Bxh6 37.Be6+ Rxe6 38.
Rxb7 $13 ) 32.c4 $1 ( 32.Re1 Qc3 33.Re2 Bxg5 34.Qxg5 Qd4+ 35.Kc1 Qxa7 $19 
) ( 32.Qxb4 e2+ 33.Kc1 Bxg5+ 34.Kb1 Bf6 $1 ( 34...Re7 35.Re1 $13 ) 35.c4 
Qe7 $1 ( 35...Qc5 36.Qxc5 e1=Q+ 37.Rxe1 Rxe1+ 38.Kc2 dxc5 39.Rxb7 ( 39.Bh3
Re7 ) 39...Re2+ 40.Kd3 Rxg2 41.Rb8+ Kf7 42.Rb7+ $132 ) 36.Re1 ( 36.Rxb7 
Qe5 ) ( 36.Qxb7 e1=Q+ ) 36...Qe5 37.Qd2 Bc8 $19 ) ( 32.Kc1 e2 ) 32...bxc3 
33.Kc2 e2 34.Qb4 $1 ( 34.Re1 Qb6 $17 ) 34...e1=Q ( 34...Re7 35.Re1 ) 35.
Rxe1 Rxe1 36.Rxb7 Re2+ 37.Kd1 Rd2+ ( 37...c2+ 38.Kxe2 c1=Q 39.Rxc7 Qxc7 
$13 ) 38.Ke1 Qc5 39.Qxc5 ( 39.Qf4 Qf2+ 40.Qxf2 Rxf2 41.Kxf2 c2 ) 39...dxc5
40.Rb8 ( 40.Bh3 Bxg5 41.Be6+ Kf8 ) 40...Rxg2 41.Rxd8+ Kf7 42.Kd1 $11 ) ( 
30...Qb6 $1 {Ftacnik} 31.Be3 Qb5 32.Ra4 Qxd5 33.Qxd5+ Bxd5 34.Rxb4 Re5 $11
) 31.Be3 $1 $16 Re7 ( 31...Qxd5 32.Qxd5+ Bxd5 33.Rg7+ Kh8 34.Bd4 Re5 35.
Rd7 $18 ) 32.Qxb4 Qxd5+ 33.Kc1 Rc7 ( 33...Qc6 34.Rd1 d5 35.c4 $16 ) 34.Rd1
Qc6 ( 34...Bxg5 35.Rxd5 Bxe3+ 36.Rd2 Bxa7 37.Bxe4 $16 ) 35.c4 d5 36.Qc3 
dxc4 37.b4 $1 $18 Qb5 ( 37...Qe6 38.Bf1 ) 38.Bh3 Re8 39.Ra5 Qc6 40.b5 1-0

[Event "1st FIDE World Cup final"]
[Site "Shenyang"]
[Date "2000.09.07"]
[Round "1.1"]
[White "Milos, Gilberto"]
[Black "Movsesian, Sergei"]
[Result "1/2-1/2"]
[WhiteElo "2633"]
[BlackElo "2666"]
[EventDate "2000.09.07"]
[PlyCount "78"]

1.e4 c5 2.Nf3 Nc6 3.d4 cxd4 4.Nxd4 Qc7 5.Nc3 e6 6.Be2 a6 7.O-O Nf6 8.Be3 
Be7 9.f4 d6 10.Kh1 O-O 11.a4 Bd7 12.Nb3 b6 13.g4 Bc8 14.g5 Nd7 15.f5 Re8 
16.Bg4 Bf8 17.Bh3 Nde5 18.Qe2 g6 19.Rf4 Bg7 20.Raf1 Nb4 21.Qf2 Rb8 22.Nd4 
Nbc6 23.fxe6 fxe6 24.Nxc6 Qxc6 25.Bd4 Rb7 26.Bxe5 dxe5 27.Rf7 Kh8 28.Rf3 
b5 29.axb5 axb5 30.Bg2 Rc7 31.Qh4 b4 32.Nd1 Ba6 33.R1f2 Rd8 34.Ne3 b3 35.
c3 Bd3 36.Rd2 Rdd7 37.Nd5 Bxe4 38.Qxe4 exd5 39.Qb4 Qc5 1/2-1/2